Normal view
MARC view
- Welch J. & Byrne J
Entry Personal Name
001 - CONTROL NUMBER
- control field: 203884
003 - CONTROL NUMBER IDENTIFIER
- control field: OSt
005 - DATE AND TIME OF LATEST TRANSACTION
- control field: 20230719125550.0
008 - FIXED-LENGTH DATA ELEMENTS
- fixed length control field: 230719|| aca||aabn | a|a d
040 ## - CATALOGING SOURCE
- Original cataloging agency: OSt
- Transcribing agency: OSt
100 ## - HEADING--PERSONAL NAME
- Personal name: Welch J. & Byrne J
670 ## - SOURCE DATA FOUND
- Source citation: Work cat.: (OSt)354490: Welch J. 106396, Jack Straight From The Gut, 2001